000 00795nam a22002177a 4500
008 090115t xxu||||| |||| 00| 0 eng d
010 _aENG-92539
020 _c300.00
035 _aEN-76072
037 _bDBAD / PUB
040 _adpl
_bEnglish
082 _a620.00151
100 _aKumbhojkar, G. V.
245 _aEngineering mathematics-III:
_cby G.V. Kumbhojkar
_bS.E. semester-III /
250 _a2nd rev. & enl. ed.
260 _aMumbai
_bC. Jamnadas
_c2006-07
300 _aVarious pagings
_c22cm (pbk)
650 _aEngineering mathematics.
942 _2ddc
_cEN
_mKUM
_h620.00151
999 _c21060
_d21060